000 00432nam a2200193Ia 4500
005 20240823035644.0
008 240823s9999||||xx |||||||||||||| ||und||
020 _a978-81-906173-5-2
041 _aENGLISH
082 _A823.92 Q0
100 _aKrishnan Pratap Singh
245 0 _aYoung Turks
250 _a1st
260 _c2010
_bHhachette
500 _aYES
650 _aNovel
_bEnglish
942 _cBK
999 _c201203
_d201203